000 00412 a2200157 4500
001 150660
040 _cEscola São Tomás de Aquino
100 _aQUEIRÓS, Bartolomeu Campos
240 1 0 _aDe letra em letra
_lpor
245 1 0 _aDe letra em letra
300 _a31
362 0 _a2008
440 1 _aModerna
697 _aSistemas de escrita (alfabeto, Braille, abreviaturas, pontuação, etc.)
942 _cBK
999 _c150660
_d150660